000 00623nam a2200229Ia 4500
003 OSt
005 20221007075546.0
006 a|||||r|||| 00| 0
007 ta
008 221006b |||||||| |||| 00| 0 eng d
024 _a18,108
037 _cTextual
040 _aFLL
_cFLL
_beng
041 _2eng
_aeng
082 _aY59270aX:95.2.N7, M2
100 _aSharma B.A.V.
245 0 _aReservation policy in India
260 _aNew Delhi
_bLight & Life Publishers India
_c1982
300 _a514p
_ccm.
942 _hY59270aX:95.2.N7, M2
_cTEXL
_2CC
999 _c1156527
_d1156527